LEADER 02694nam2 22005293i 450 001 LO10337515 005 20231121125517.0 010 $a8804381868 100 $a19960401d1994 ||||0itac50 ba 101 | $aita$ager 102 $ait 181 1$6z01$ai $bxxxe 182 1$6z01$an 200 0 $a2.2$fJ. W. Goethe 210 $aMilano$cA. Mondadori$d1994 215 $aP. 964-1920$d18 cm 300 $aIn cofanetto con il vol. 2.1 461 1$1001CFI0277684$12001 $aTutte le poesie$fJ. W. Goethe$gedizione diretta da Roberto Fertonani con la collaborazione di Enrico Ganni$gpremessa di Roberto Fertonani$v2.2 676 $a831.6$9Poesia tedesca. 1750-1830.$v21 700 1$aGoethe$b, Johann Wolfgang : von$3CFIV000501$0151776 790 1$aGoethe$b, Johan Wolfgang$3BCTV003073$zGoethe, Johann Wolfgang : von 790 0$aGete$3BVEV192657$zGoethe, Johann Wolfgang : von 790 0$aGoethe$3BVEV267017$zGoethe, Johann Wolfgang : von 790 1$aGoethe$b, Johann W.$3CFIV099113$zGoethe, Johann Wolfgang : von 790 1$aGoethe$b, Wolfgang J.$3CFIV118439$zGoethe, Johann Wolfgang : von 790 1$aGoethe$b, J. Wolfgang$3CFIV145055$zGoethe, Johann Wolfgang : von 790 1$aGoethe$b, J. W.$3CFIV151706$zGoethe, Johann Wolfgang : von 790 1$aGoethe$b, Johann Wolfgang$3CFIV151752$zGoethe, Johann Wolfgang : von 790 1$aGoethe$b, Wolfgang$3CFIV161911$zGoethe, Johann Wolfgang : von 790 1$aGoethe$b, Volfango$3NAPV085220$zGoethe, Johann Wolfgang : von 790 1$aGoethe$b, Wolfgang Johann : von$3NAPV085221$zGoethe, Johann Wolfgang : von 790 1$aGoethe$b, Wolfango$3RMLV037531$zGoethe, Johann Wolfgang : von 790 1$aGöthe$b, Wolfgang$3SBNV008821$zGoethe, Johann Wolfgang : von 790 1$aGoethe$b, G. W.$3SBNV036157$zGoethe, Johann Wolfgang : von 801 3$aIT$bIT-01$c19960401 850 $aIT-RM028 $aIT-RM0289 $aIT-RM0290 $aIT-RM0418 $aIT-FR0084 $aIT-FR0017 899 $aBiblioteca Universitaria Alessandrina$bRM028 899 $aBiblioteca Statale A. Baldini$bRM0289 899 $aBIBLIOTECA ANGELICA$bRM0290 899 $aBIBLIOTECA ACCADEMIA NAZ. DEI LINCEI E CORSINIANA$bRM0418 899 $aBiblioteca Del Monumento Nazionale Di Montecassino$bFR0084 899 $aBiblioteca umanistica Giorgio Aprea$bFR0017 $eN 912 $aLO10337515 950 2$aBiblioteca umanistica Giorgio Aprea$d 52MAG 5 Coll C 30.2.2$e 52FLS0000160285 VMB RS $fA $h20200409$i20200409 977 $a 01$a 04$a 06$a 10$a 25$a 52 996 $a22$91730398 997 $aUNICAS